|
|
|
|
| LEADER |
01885nam a22004334a 4500 |
| 001 |
EBC256876 |
| 003 |
MiAaPQ |
| 005 |
20200520144314.0 |
| 006 |
m o d | |
| 007 |
cr cn||||||||| |
| 008 |
050316s2006 enk sb 001 0 eng |
| 010 |
|
|
|z 2005007664
|
| 020 |
|
|
|z 0415142504 (hbk.)
|
| 020 |
|
|
|z 9780415142502 (hbk.)
|
| 020 |
|
|
|z 0415142512 (pbk.)
|
| 020 |
|
|
|z 9780415142519 (pbk.)
|
| 035 |
|
|
|a (MiAaPQ)EBC256876
|
| 035 |
|
|
|a (Au-PeEL)EBL256876
|
| 035 |
|
|
|a (CaPaEBR)ebr10163744
|
| 035 |
|
|
|a (CaONFJC)MIL40018
|
| 035 |
|
|
|a (OCoLC)935231483
|
| 040 |
|
|
|a MiAaPQ
|c MiAaPQ
|d MiAaPQ
|
| 050 |
|
4 |
|a HV31
|b .E553 2006
|
| 082 |
0 |
4 |
|a 361.6/5
|2 22
|
| 084 |
|
|
|a 71.80
|2 bcl
|
| 100 |
1 |
|
|a Ellison, Nicholas,
|d 1952-
|
| 245 |
1 |
4 |
|a The transformation of welfare states?
|h [electronic resource] /
|c Nick Ellison.
|
| 260 |
|
|
|a London ;
|a New York :
|b Routledge,
|c 2006.
|
| 300 |
|
|
|a xi, 223 p.
|
| 504 |
|
|
|a Includes bibliographical references (p. [195]-223) and index.
|
| 505 |
0 |
|
|a 'Globalization', institutions and welfare regimes -- The challenge of globalization -- Globalization and welfare regime change -- Towards workfare? : changing labour market policies -- Labour market policies in social democratic and continental regimes -- Population ageing, GEPs and changing pensions systems -- Pensions policies in continental and social regimes -- Conclusion : welfare regimes in a liberalizing world.
|
| 533 |
|
|
|a Electronic reproduction. Ann Arbor, MI : ProQuest, 2015. Available via World Wide Web. Access may be limited to ProQuest affiliated libraries.
|
| 650 |
|
0 |
|a Public welfare.
|
| 650 |
|
0 |
|a Social policy.
|
| 650 |
|
0 |
|a Welfare state.
|
| 650 |
|
0 |
|a Globalization
|x Social aspects.
|
| 655 |
|
4 |
|a Electronic books.
|
| 710 |
2 |
|
|a ProQuest (Firm)
|
| 856 |
4 |
0 |
|u https://ebookcentral.proquest.com/lib/matrademy/detail.action?docID=256876
|z Click to View
|